Vzťahový marketing s dodávateľmi
Oblasť vzťahov s verejnosťou v rámci interného a externého marketingového prostredia. Otázky spolupráce s obchodnými a dodávateľskými firmami. Výkonnosť podnikania spolupracujúcich subjektov.
Saved in:
| Main Author: | |
|---|---|
| Other Authors: | |
| Format: | Book Chapter |
| Language: | Slovak |
| Subjects: | |
| Tags: |
No Tags, Be the first to tag this record!
|
MARC
| LEADER | 00000naa$a2200000$$$4500 | ||
|---|---|---|---|
| 001 | 0180717 | ||
| 005 | 20240502073104.3 | ||
| 041 | 0 | |a slo | |
| 041 | 0 | |a slo | |
| 044 | |a SK | ||
| 245 | 1 | 0 | |a Vzťahový marketing s dodávateľmi |c Michal Pružinský, Anna Hrnčiarová Turčiaková |
| 520 | |a Oblasť vzťahov s verejnosťou v rámci interného a externého marketingového prostredia. Otázky spolupráce s obchodnými a dodávateľskými firmami. Výkonnosť podnikania spolupracujúcich subjektov. | ||
| 610 | 2 | 0 | |a marketing vzťahový |
| 610 | 2 | 0 | |a komunikácia marketingová |
| 610 | 2 | 0 | |a vzťahy dodávateľsko-odberateľské |
| 610 | 2 | 0 | |a vzťahy s verejnosťou |
| 610 | 2 | 0 | |a skupiny cieľové |
| 100 | 1 | |a Pružinský, Michal, 1952- | |
| 700 | 1 | |a Hrnčiarová Turčiaková, Anna | |